Триединая задача педагогического эксперимента в области ИТ-образования; Инженерное образование; № 4

Dettagli Bibliografici
Parent link:Инженерное образование: электронный научный журнал/ Ассоциация инженерного образования России (АИОР).— : [Б. и.], 2003-.— 1810-2883
№ 4.— 2007.— [С. 208-213]
Autore principale: Шалыто А. А. Анатолий Абрамович
Riassunto:Заглавие с титульного листа
В статье рассматриваются результаты педагогического эксперимента в области ИТ-образования, в рамках которого решаются три задачи: повышается качество обучения; проводится научная работа; совершенствуется технология автоматного программирования.
This article considers the results of a pedagogical experiment in IT education. This experiment is meant to solve three problems: increasing quality of the education, carrying out a scientific research, and developing the new programming technology based on finite state machines.
Lingua:russo
Pubblicazione: 2007
Serie:Опыт подготовки специалистов по системе опережающего элитного образования
Soggetti:
Accesso online:https://old.aeer.ru/files/io/m4/art_27.pdf
Natura: MixedMaterials Elettronico Capitolo di libro
KOHA link:https://koha.lib.tpu.ru/cgi-bin/koha/opac-detail.pl?biblionumber=507593

MARC

LEADER 00000naa2a2200000 4500
001 507593
005 20250520134958.0
035 |a (RuTPU)RU\TPU\prd\179333 
035 |a RU\TPU\prd\178720 
090 |a 507593 
100 |a 20130529d2007 k y0rusy50 ca 
101 0 |a rus 
102 |a RU 
135 |a drnn ---uucaa 
181 0 |a i  
182 0 |a b 
200 1 |a Триединая задача педагогического эксперимента в области ИТ-образования  |b Электронный ресурс  |f А. А. Шалыто 
203 |a Текст  |c электронный 
215 |a 1 файл (148 Кб) 
225 1 |a Опыт подготовки специалистов по системе опережающего элитного образования 
230 |a Электронные текстовые данные (1 файл : 148 Кб) 
300 |a Заглавие с титульного листа 
320 |a [Библиогр.: с. 213 (13 назв.)] 
330 |a В статье рассматриваются результаты педагогического эксперимента в области ИТ-образования, в рамках которого решаются три задачи: повышается качество обучения; проводится научная работа; совершенствуется технология автоматного программирования. 
330 |a This article considers the results of a pedagogical experiment in IT education. This experiment is meant to solve three problems: increasing quality of the education, carrying out a scientific research, and developing the new programming technology based on finite state machines. 
337 |a Adobe Reader 
461 1 |0 (RuTPU)RU\TPU\prd\176632  |x 1810-2883  |t Инженерное образование  |o электронный научный журнал  |f Ассоциация инженерного образования России (АИОР)  |n [Б. и.]  |d 2003- 
463 1 |0 (RuTPU)RU\TPU\prd\177766  |t № 4  |v [С. 208-213]  |d 2007 
610 1 |a высшее образование 
610 1 |a ИТ-образование 
610 1 |a педагогические эксперименты 
610 1 |a результаты эксперимента 
610 1 |a задачи 
610 1 |a решение 
610 1 |a электронный ресурс 
700 1 |a Шалыто  |b А. А.  |g Анатолий Абрамович 
801 1 |a RU  |b 63413507  |c 20090623  |g PSBO 
801 2 |a RU  |b 63413507  |c 20130529  |g PSBO 
856 4 |u https://old.aeer.ru/files/io/m4/art_27.pdf 
942 |c BK